Największe miasta niepowiatowe - Statystyki

Ogólne statystyki
  • Ten quiz został rozwiązany 221 razy
  • Średni wynik to 5 z 9
Statystyki odpowiedzi
ludność powiat miasto % Poprawnych
49 tys. wejherowski Rumia
87%
36 tys. wołomiński Ząbki
54%
30 tys. poznański Swarzędz
53%
34 tys. wołomiński Marki
52%
36 tys. bielski Czechowice-Dziedzice
51%
38 tys. gliwicki Knurów
48%
32 tys. będziński Czeladź
43%
32 tys. poznański Luboń
43%
30 tys. dzierżoniowski Bielawa
37%
Nie znaleziono quizów pasujących do podanych kryteriów
Rozkład punktacji
Procent ludzi z każdym wynikiem
Percentyl według liczby udzielonych odpowiedzi
Twoja historia wyników
Nie rozwiązałeś tego quizu